00000000cam 2200000zi 4500
0019.962665
003CaOODSP
00520260508150941
006m     o  d f      
007cr mn|||||||||
008260508e20260430onc     ob   f000 0 fre d
040 |aCaOODSP|bfre|erda|cCaOODSP
043 |an-cn---
0861 |aH113-25/2026-12F-PDF
24500|aAcynonapyr et acaricide Kodama.
264 1|aOttawa (Ontario) : |bDirection de la réglementation des pesticides, Direction générale de la santé environnementale et de la sécurité des consommateurs, Santé Canada, |c30 avril 2026.
264 4|c©2026
300 |a1 ressource en ligne (17 pages).
336 |atexte|btxt|2rdacontent/fre
337 |ainformatique|bc|2rdamedia/fre
338 |aressource en ligne|bcr|2rdacarrier/fre
4901 |aDécision d'homologation, |x1925-0924 ; |vRD2026-12
500 |aTitre de la couverture.
500 |aPublié aussi en anglais sous le titre : Acynonapyr and Kodama Miticide.
504 |aComprend des références bibliographiques.
520 |a« En vertu du paragraphe 8(1) de la Loi sur les produits antiparasitaires, Santé Canada accorde l'homologation à des fins de vente et d'utilisation d'Acynonapyr Technique et de l'acaricide Kodama, contenant le principe actif acynonapyr, pour la lutte contre les tétranyques dans les cultures du groupe 11-09 : fruits à pépins » -- Page 1.
650 6|aAcaricides|xCertification|zCanada.
650 6|aAcaricides|xToxicologie.
650 6|aAcaricides|xAspect de l'environnement.
7101 |aCanada. |bDirection générale de la santé environnementale et de la sécurité des consommateurs, |eorganisme de publication.
77508|tAcynonapyr and Kodama Miticide.|w(CaOODSP)9.962663
830#0|aDécision d'homologation,|x1925-0924 ; |vRD2026-12.|w(CaOODSP)9.501583
85640|qPDF|s444 Ko|uhttps://publications.gc.ca/collections/collection_2026/sc-hc/h113-25/H113-25-2026-12-fra.pdf
8564 |qHTML|sS.O.|uhttps://www.canada.ca/fr/sante-canada/services/securite-produits-consommation/rapports-publications/pesticides-lutte-antiparasitaire/decisions-mises-jour/decision-homologation/2026/acynonapyr-acaricide-kodama.html